| 000 | 01235nam a2200361 i 4500 | ||
|---|---|---|---|
| 001 | 768714001 | ||
| 003 | CO-MdFUSB | ||
| 005 | 20260325091925.0 | ||
| 007 | ta | ||
| 008 | 241003t2008 sp ||||| |||| 00| 0 spa d | ||
| 020 | _a978-84-8169-851-0 | ||
| 040 |
_bspa. _aCO-MdFUSB _cCO-MdFUSB _dCO-MdFUSBC _erda |
||
| 041 |
_aspa _hlat |
||
| 082 |
_223 _a487.4 _bZ58 |
||
| 100 |
_aZerwick, Max, _eautor |
||
| 240 | _aAnalysis philologica Novi Testa- menti graeci. | ||
| 245 |
_aAnálisis gramatical del griego del Nuevo Testamento _c/ Max Zerwick , Mary Grosvenor ; traducido por José Pérez Escobar |
||
| 264 | 1 |
_aNavarra, España : _bVerbo Divino, _c[2007] |
|
| 264 | 4 | _c©2007 | |
| 300 |
_a906 páginas _c; 20 cm |
||
| 336 |
_2rdacontent _atexto _btxt |
||
| 337 |
_2rdamedia _asin mediación _bn |
||
| 338 |
_2rdacarrier _avolumen _bnc |
||
| 490 | _aInstrumentos para el estudio de la Biblia | ||
| 500 | _aIncluye paradigmas y abreviaturas, glosario de términos gramaticales | ||
| 563 | _aRústica | ||
| 630 | 0 | 7 |
_aBiblia. _pNuevo Testamento |
| 650 | _2Griego | ||
| 700 |
_aGrosvenor, Mary, _910862 _eautor |
||
| 700 | 1 |
_aPérez Escobar, José _9790 _etraductor |
|
| 942 | _cBK | ||
| 945 | _aCatherine Arias Alvarez | ||
| 999 |
_c71026 _d71026 |
||